[Event "Aeroflot Open A"]
[Site "Moscow RUS"]
[Date "2011.02.08"]
[Round "1"]
[White "Iturrizaga, Eduardo"]
[Black "Kamsky, Gata"]
[Result "0-1"]
[WhiteTitle "GM"]
[BlackTitle "GM"]
[WhiteElo "2611"]
[BlackElo "2730"]
[WhiteFideId "3901211"]
[BlackFideId "2000024"]
[EventDate "2011.02.08"]

1. Nf3 Nf6 2. c4 c6 3. Nc3 d5 4. e3 g6 5. d4 Bg7 6. Be2 O-O 7. O-O a6 8. a4 a5
9. Qb3 e6 10. Bd2 Ne4 11. Be1 Nd6 12. c5 Nf5 13. Rd1 Nd7 14. e4 Ne7 15. Bd2 b6
16. cxb6 Qxb6 17. Qxb6 Nxb6 18. b3 Ba6 19. Bxa6 Rxa6 20. Bf4 Rd8 21. Rc1 h6 22.
Bc7 Rd7 23. Be5 f6 24. Bg3 Rb7 25. Rfe1 Kf7 26. Nd2 g5 27. Bd6 f5 28. exd5 Nbxd5
29. Bc5 Nf4 30. Re3 Ned5 31. Nxd5 cxd5 32. g3 Ng6 33. Nb1 Rc6 34. Rec3 e5 35.
Na3 exd4 36. Bxd4 Rxc3 37. Bxc3 Bxc3 38. Rxc3 d4 39. Rc5 Rxb3 40. Nc2 d3 41.
Rxf5+ Ke7 42. Ne3 Ke6 43. Rxa5 d2 44. Ra6+ Kd7 45. Ra7+ Kc8 46. Ra8+ Kc7 47.
Ra7+ Kb6 48. Rd7 Ne5 49. Rd5 Kc6 50. Rxe5 Rxe3 51. Rxe3 d1=Q+ 52. Kg2 Kd6 53. h3
h5 54. Re8 Qxa4 55. Re1 Kd5 56. Re3 Kd4 57. Re1 Qc6+ 58. Kg1 Qc3 59. Re7 Qb4 60.
Re3 Qb1+ 61. Kg2 Qb7+ 62. Kg1 Qc8 63. Kg2 Qc6+ 64. Kh2 Qc1 0-1

[Event "Aeroflot Open A"]
[Site "Moscow RUS"]
[Date "2011.02.08"]
[Round "1"]
[White "Movsesian, Sergei"]
[Black "Yu, Yangyi"]
[Result "1/2-1/2"]
[WhiteTitle "GM"]
[BlackTitle "GM"]
[WhiteElo "2721"]
[BlackElo "2607"]
[WhiteFideId "310204"]
[BlackFideId "8603820"]
[EventDate "2011.02.08"]

1. e4 c5 2. Nf3 d6 3. d4 cxd4 4. Nxd4 Nf6 5. Nc3 a6 6. Be2 e5 7. Nb3 Be7 8. O-O
O-O 9. Re1 Be6 10. Bf3 Nc6 11. Nd5 Bxd5 12. exd5 Nb8 13. a4 a5 14. Be2 Na6 15.
Bd2 b6 16. Bb5 Qc7 17. c4 Nd7 18. Nd4 Ndc5 19. Nf5 g6 20. Nxe7+ Qxe7 21. Ra3 f5
22. f4 Ne4 23. Bxa6 Rxa6 24. Be3 exf4 25. Bxf4 Qf6 26. Re2 Raa8 27. Be3 Rac8 28.
Bd4 Qh4 29. Rh3 Qg4 30. b3 Rce8 31. Re1 Nc5 32. Bf2 Qxd1 33. Rxd1 Re2 34. Re3
Re8 35. Rxe8+ Rxe8 1/2-1/2

[Event "Aeroflot Open A"]
[Site "Moscow RUS"]
[Date "2011.02.08"]
[Round "1"]
[White "Romanov, Evgeny"]
[Black "Jakovenko, Dmitry"]
[Result "1/2-1/2"]
[WhiteTitle "GM"]
[BlackTitle "GM"]
[WhiteElo "2606"]
[BlackElo "2718"]
[WhiteFideId "4148843"]
[BlackFideId "4122356"]
[EventDate "2011.02.08"]

1. d4 d5 2. Nf3 Nf6 3. c4 c6 4. Qb3 dxc4 5. Qxc4 Bf5 6. g3 e6 7. Bg2 Nbd7 8. O-O
Be7 9. Rd1 O-O 10. e3 Qc7 11. Nc3 Nd5 12. Ne1 N7b6 13. Qe2 Nxc3 14. bxc3 e5 15.
e4 Be6 16. Nd3 f6 17. f4 Nc4 18. Be3 Nxe3 19. Qxe3 Bd6 20. dxe5 fxe5 21. f5 Bf7
22. Kh1 Qa5 23. Qe1 Rfd8 24. g4 Be7 25. Bf1 Rd7 26. c4 Qc7 27. Qg3 Qd8 28. Qf3
Qc7 29. Qg3 Rad8 30. Re1 Rd4 31. Qxe5 Qd7 32. Nc5 Bxc5 33. Qxc5 Qc7 34. e5 Rxg4
35. Rad1 Bh5 36. Be2 Rh4 37. Rxd8+ Qxd8 38. Bxh5 Qd2 39. Re2 Qd1+ 40. Qg1 Qxg1+
41. Kxg1 Rxh5 42. e6 Kf8 43. Rd2 Rg5+ 44. Kh1 Rxf5 45. Rd7 1/2-1/2

[Event "Aeroflot Open A"]
[Site "Moscow RUS"]
[Date "2011.02.08"]
[Round "1"]
[White "Sutovsky, Emil"]
[Black "Kotronias, Vasilios"]
[Result "1/2-1/2"]
[WhiteTitle "GM"]
[BlackTitle "GM"]
[WhiteElo "2695"]
[BlackElo "2599"]
[WhiteFideId "2802007"]
[BlackFideId "5900212"]
[EventDate "2011.02.08"]

1. e4 c5 2. Nf3 Nc6 3. Bb5 d6 4. O-O Bd7 5. c3 Nf6 6. Re1 a6 7. Ba4 c4 8. Bc2
Rc8 9. b3 b5 10. a4 Ne5 11. axb5 axb5 12. d4 cxd3 13. Bxd3 Nxd3 14. Qxd3 g6 15.
Na3 Bg7 16. Nxb5 O-O 17. Nbd4 e5 18. Ne2 d5 19. Nxe5 Nxe4 20. Qxd5 Bf5 21. Qxd8
Rfxd8 22. Bf4 g5 23. Bg3 Nxc3 24. Nxc3 Rxc3 25. Rac1 Rdc8 26. Rxc3 Rxc3 27. Nf3
h6 28. h4 gxh4 29. Be5 Bxe5 30. Rxe5 Be6 31. Nxh4 Rxb3 1/2-1/2

[Event "Aeroflot Open A"]
[Site "Moscow RUS"]
[Date "2011.02.08"]
[Round "1"]
[White "Zhao, Jun"]
[Black "Tomashevsky, Evgeny"]
[Result "1/2-1/2"]
[WhiteTitle "GM"]
[BlackTitle "GM"]
[WhiteElo "2599"]
[BlackElo "2695"]
[WhiteFideId "8602522"]
[BlackFideId "4147235"]
[EventDate "2011.02.08"]

1. d4 Nf6 2. c4 e6 3. Nf3 d5 4. g3 Bb4+ 5. Bd2 Be7 6. Bg2 O-O 7. O-O Nbd7 8.
cxd5 exd5 9. Nc3 c6 10. Bf4 Re8 11. Qc2 Nf8 12. Rfe1 Ng6 13. Bg5 Ne4 14. Bxe7
Qxe7 15. Nd2 Ng5 16. e4 Nh3+ 17. Kf1 Qf6 18. Nf3 b6 19. e5 Ba6+ 20. Ne2 Nxe5 21.
dxe5 Rxe5 22. Bxh3 Qxf3 23. Bg2 Qf6 24. f4 Rae8 25. Bf3 Re3 26. Kf2 Qe7 27. Qxc6
Rxf3+ 28. Kxf3 Bxe2+ 29. Kg2 Qe4+ 30. Kf2 Qf3+ 31. Kg1 Qe3+ 32. Kg2 Qe4+ 33. Kf2
Qe3+ 34. Kg2 Qe4+ 1/2-1/2

[Event "Aeroflot Open A"]
[Site "Moscow RUS"]
[Date "2011.02.08"]
[Round "1"]
[White "Bologan, Viktor"]
[Black "Grigoryan, Avetik"]
[Result "1/2-1/2"]
[WhiteTitle "GM"]
[BlackTitle "GM"]
[WhiteElo "2693"]
[BlackElo "2595"]
[WhiteFideId "13900048"]
[BlackFideId "13302191"]
[EventDate "2011.02.08"]

1. d4 d5 2. c4 c6 3. Nf3 e6 4. Qc2 Nf6 5. Bg5 h6 6. Bh4 dxc4 7. Qxc4 b5 8. Qc2
Bb7 9. e3 Nbd7 10. Bd3 Rc8 11. Qe2 a6 12. a4 c5 13. O-O c4 14. Bc2 Qb6 15. axb5
axb5 16. Nc3 b4 17. Na4 Qc6 18. e4 Nxe4 19. d5 exd5 20. Nd4 Qc7 21. f3 Qe5 22.
fxe4 Qxd4+ 23. Kh1 Bd6 24. Rf5 c3 25. bxc3 bxc3 26. exd5+ Ne5 27. Qb5+ Bc6 28.
dxc6 O-O 29. Bg3 Nxc6 30. Rd5 Bxg3 31. Rxd4 Nxd4 32. Qd3 Nxc2 33. Qxc2 Be5 34.
Nb6 Rcd8 35. Nc4 Bf6 36. Rd1 Rxd1+ 37. Qxd1 Rd8 38. Qe2 h5 39. g3 h4 40. Kg2
hxg3 41. hxg3 g6 42. Qe4 Rd1 43. Kh3 Kg7 44. Ne3 Rd2 45. Qg4 Kg8 46. Qc4 Bg5 47.
Qc8+ Rd8 48. Qc7 Rd2 49. Qxc3 Bxe3 50. Qxe3 Rd5 51. Qe4 Ra5 52. Qd3 Rh5+ 53. Kg2
g5 54. Qd8+ Kg7 55. Qd4+ Kg6 56. Qd3+ Kg7 57. Qf5 Rh6 58. Qxg5+ Rg6 59. Qe5+ Kg8
60. Kf3 Re6 61. Qg5+ Rg6 62. Qd8+ Kg7 63. Qd4+ Kg8 64. Kf4 Re6 65. Kf5 Rg6 66.
Qb2 Re6 67. Qb4 Kg7 68. Qc3+ Kg8 69. g4 Rg6 70. Ke5 Re6+ 71. Kd5 Rg6 72. Qd4 Re6
73. Qd3 Kg7 74. Qc3+ Kg8 75. Qc1 Rg6 76. Qf4 Kg7 77. Qf5 Re6 78. Qh5 Rg6 79.
Qe5+ Kg8 80. Qf4 Kg7 81. Kc5 Kg8 82. Qe4 Kg7 83. Kc4 Re6 84. Qd4+ Kg8 85. Kd5
Rg6 86. Qc3 Re6 87. Qc2 Kg7 88. Qc1 Rg6 89. Qc3+ Kg8 90. Ke5 Re6+ 91. Kf5 Rg6
92. Qe5 Re6 93. Qb2 Rg6 94. Qh2 Kg7 95. Qh4 Kg8 96. g5 Kg7 97. Qd4+ Kg8 98. Qe5
Re6 99. Qc3 1/2-1/2

[Event "Aeroflot Open A"]
[Site "Moscow RUS"]
[Date "2011.02.08"]
[Round "1"]
[White "Bluvshtein, Mark"]
[Black "Andreikin, Dmitry"]
[Result "0-1"]
[WhiteTitle "GM"]
[BlackTitle "GM"]
[WhiteElo "2590"]
[BlackElo "2689"]
[WhiteFideId "2603608"]
[BlackFideId "4158814"]
[EventDate "2011.02.08"]

1. d4 Nf6 2. c4 e6 3. Nc3 Bb4 4. e3 O-O 5. Ne2 d5 6. a3 Be7 7. Ng3 c5 8. dxc5
dxc4 9. Qc2 Qa5 10. Bxc4 Qxc5 11. Bd3 Nbd7 12. O-O Ne5 13. Be2 b6 14. f4 Ng6 15.
b4 Qc7 16. Bb2 Bb7 17. Rac1 Rac8 18. Qb3 Qb8 19. f5 exf5 20. Nxf5 Bd6 21. Nxd6
Qxd6 22. Rf2 Qe7 23. Bf3 Bxf3 24. Rxf3 Rfd8 25. Rcf1 Rd3 26. e4 Rxf3 27. Rxf3
Ne5 28. Rg3 Qd6 29. Nb5 Qd2 30. h3 Nh5 31. Rc3 Rd8 32. Kh2 h6 33. Qc2 Nf3+ 0-1

[Event "Aeroflot Open A"]
[Site "Moscow RUS"]
[Date "2011.02.08"]
[Round "1"]
[White "Riazantsev, Alexander"]
[Black "Felgaer, Ruben"]
[Result "1-0"]
[WhiteTitle "GM"]
[BlackTitle "GM"]
[WhiteElo "2689"]
[BlackElo "2585"]
[WhiteFideId "4125029"]
[BlackFideId "107069"]
[EventDate "2011.02.08"]

1. d4 d5 2. c4 c6 3. Nc3 dxc4 4. e3 b5 5. a4 b4 6. Ne4 Qd5 7. Ng3 Nf6 8. Be2 e5
9. Nf3 exd4 10. exd4 Bd6 11. Nf1 c3 12. bxc3 Ne4 13. c4 Qa5 14. Bd3 Nc3 15. Qc2
Nd7 16. Ne3 Nf6 17. O-O O-O 18. Bb2 Re8 19. c5 Bf8 20. Bxc3 bxc3 21. Ne5 Qc7 22.
Qxc3 Be6 23. Rab1 Rad8 24. a5 Nd5 25. Nxd5 Bxd5 26. a6 f6 27. Ng4 Qf4 28. Ne3
Kh8 29. Rfe1 Be6 30. Rb4 Bc8 31. Be2 Qc7 32. Rd1 f5 33. Bf3 f4 34. Nc4 Bxa6 35.
Ne5 Bb5 36. Qb3 Re7 37. Rxb5 cxb5 38. Nc6 Red7 39. Qxb5 Re8 40. h3 h6 41. d5 a6
42. Qc4 a5 43. Bg4 Rdd8 44. Nxd8 Rxd8 45. Rc1 Qa7 46. d6 1-0

[Event "Aeroflot Open A"]
[Site "Moscow RUS"]
[Date "2011.02.08"]
[Round "1"]
[White "Mamedov, Nidjat"]
[Black "Motylev, Alexander"]
[Result "1/2-1/2"]
[WhiteTitle "GM"]
[BlackTitle "GM"]
[WhiteElo "2580"]
[BlackElo "2687"]
[WhiteFideId "13400819"]
[BlackFideId "4121830"]
[EventDate "2011.02.08"]

1. e4 c5 2. Nf3 d6 3. d4 cxd4 4. Nxd4 Nf6 5. Nc3 g6 6. Be2 Bg7 7. O-O O-O 8. Bg5
Nc6 9. Nb3 a6 10. f4 b5 11. Bf3 b4 12. Ne2 Ng4 13. e5 Qb6+ 14. Ned4 Ne3 15. Qd3
Nxd4 16. Qxd4 Rb8 17. Bxe7 Nxf1 18. Bxf8 Kxf8 19. Kxf1 dxe5 20. fxe5 Qxd4 21.
Nxd4 Bxe5 22. Nc6 Rb5 23. Nxe5 Rxe5 24. a3 1/2-1/2

[Event "Aeroflot Open A"]
[Site "Moscow RUS"]
[Date "2011.02.08"]
[Round "1"]
[White "Kasimdzhanov, Rustam"]
[Black "Deviatkin, Andrei"]
[Result "1-0"]
[WhiteTitle "GM"]
[BlackTitle "GM"]
[WhiteElo "2681"]
[BlackElo "2573"]
[WhiteFideId "14200244"]
[BlackFideId "4121260"]
[EventDate "2011.02.08"]

1. d4 d5 2. c4 c6 3. Nf3 Nf6 4. Nc3 dxc4 5. a4 Bf5 6. e3 e6 7. Bxc4 Bb4 8. O-O
O-O 9. Qe2 Bg6 10. Ne5 Nbd7 11. Nxg6 hxg6 12. Rd1 Qa5 13. Na2 Qxa4 14. e4 Qa5
15. e5 Nd5 16. h4 Be7 17. h5 g5 18. Qg4 Rfe8 19. Bxg5 Bxg5 20. Qxg5 Qd8 21. Qg3
f5 22. Bxd5 exd5 23. Qf4 Rf8 24. Nc1 Qe8 25. Qf3 g5 26. hxg6 Qxg6 27. Nd3 Rf7
28. g3 Nf8 29. Nf4 Qg4 30. Qxg4+ fxg4 31. Kg2 Rh7 32. Rh1 a5 33. Rxh7 Kxh7 34.
Rh1+ Kg7 35. Rh4 Ra6 36. Rxg4+ Kf7 37. Rg5 Rb6 38. Rf5+ Ke8 39. g4 c5 40. dxc5
Rxb2 41. g5 Rb4 42. Nxd5 Ng6 43. Nxb4 Nh4+ 44. Kh3 Nxf5 45. Nc2 Kf7 46. Kg4 Kg6
47. f4 a4 48. e6 Ne7 49. Na3 Nf5 50. Nc4 Ne7 51. f5+ 1-0

[Event "Aeroflot Open A"]
[Site "Moscow RUS"]
[Date "2011.02.08"]
[Round "1"]
[White "Zhou, Weiqi"]
[Black "Timofeev, Artyom"]
[Result "1/2-1/2"]
[WhiteTitle "GM"]
[BlackTitle "GM"]
[WhiteElo "2573"]
[BlackElo "2681"]
[WhiteFideId "8601674"]
[BlackFideId "4140419"]
[EventDate "2011.02.08"]

1. d4 d5 2. c4 dxc4 3. Nf3 a6 4. a4 Nf6 5. e3 e6 6. Bxc4 c5 7. O-O Be7 8. dxc5
Qxd1 9. Rxd1 Bxc5 10. Nbd2 Nc6 11. Be2 Bd7 12. Nc4 Ke7 13. Ne1 Nb4 14. Bd2 Rac8
15. Na5 Ne4 16. Nxb7 Nxd2 17. Nxc5 Rxc5 18. Rxd2 e5 19. f3 Rb8 20. Kf2 f5 21. b3
Be6 22. Nd3 Nxd3+ 23. Bxd3 a5 24. Rc2 Kd6 25. Rd2 Ke7 26. Rc2 Kd6 27. Rd2 1/2-1/2

[Event "Aeroflot Open A"]
[Site "Moscow RUS"]
[Date "2011.02.08"]
[Round "1"]
[White "Volokitin, Andrei"]
[Black "Hess, Robert L"]
[Result "1/2-1/2"]
[WhiteTitle "GM"]
[BlackTitle "GM"]
[WhiteElo "2678"]
[BlackElo "2572"]
[WhiteFideId "14107090"]
[BlackFideId "2022036"]
[EventDate "2011.02.08"]

1. e4 c5 2. Nf3 Nc6 3. d4 cxd4 4. Nxd4 e5 5. Nb5 d6 6. c4 Be7 7. N1c3 a6 8. Na3
Be6 9. Nc2 Bg5 10. Bxg5 Qxg5 11. h4 Qd8 12. Qd2 Nf6 13. O-O-O O-O 14. Qxd6 Qb6
15. Qd2 Rfd8 16. Nd5 Bxd5 17. exd5 Ne4 18. Qe3 Qxe3+ 19. Nxe3 Ne7 20. Ng4 Rac8
21. Bd3 h5 22. Rhe1 Nc5 23. Ne3 Nxd3+ 24. Rxd3 b5 25. Rc3 f5 26. cxb5 Rxc3+ 27.
bxc3 axb5 28. Rd1 f4 29. d6 Ng6 30. Nf5 Kf7 31. d7 Kf6 32. Nd6 Rxd7 33. Ne8+ Ke6
34. Rxd7 Kxd7 35. Nxg7 Nxh4 36. g3 fxg3 37. fxg3 Nf3 38. Nxh5 Ke6 39. Kd1 Kd5
40. Ke2 Ng5 41. Ke3 Ne4 42. Kd3 Nf2+ 43. Kc2 Ke4 44. Kb3 Kf3 45. c4 bxc4+ 46.
Kxc4 e4 47. a4 Nd3 48. a5 e3 49. a6 e2 50. a7 e1=Q 51. a8=Q+ Qe4+ 52. Qxe4+ Kxe4
53. Nf6+ Kf3 54. Kxd3 1/2-1/2

[Event "Aeroflot Open A"]
[Site "Moscow RUS"]
[Date "2011.02.08"]
[Round "1"]
[White "Fier, Alexandr"]
[Black "So, Wesley"]
[Result "1/2-1/2"]
[WhiteTitle "GM"]
[BlackTitle "GM"]
[WhiteElo "2571"]
[BlackElo "2673"]
[WhiteFideId "2107139"]
[BlackFideId "5202213"]
[EventDate "2011.02.08"]

1. d4 Nf6 2. c4 e6 3. Nf3 d5 4. Nc3 Be7 5. Bf4 O-O 6. e3 Nbd7 7. c5 Nh5 8. Bd3
b6 9. b4 a5 10. a3 Nxf4 11. exf4 c6 12. O-O Qc7 13. g3 Ba6 14. Re1 Bf6 15. h4
Qa7 16. b5 Bb7 17. cxb6 Nxb6 18. Ne5 Rac8 19. f5 exf5 20. Bxf5 Rc7 21. bxc6 1/2-1/2

[Event "Aeroflot Open A"]
[Site "Moscow RUS"]
[Date "2011.02.08"]
[Round "1"]
[White "Novikov, Stanislav"]
[Black "Kobalia, Mikhail"]
[Result "0-1"]
[WhiteTitle "GM"]
[BlackTitle "GM"]
[WhiteElo "2568"]
[BlackElo "2666"]
[WhiteFideId "4125371"]
[BlackFideId "4119150"]
[EventDate "2011.02.08"]

1. e4 c5 2. Nf3 e6 3. b3 b6 4. Bb2 Bb7 5. Nc3 Nc6 6. d4 cxd4 7. Nxd4 Nf6 8. Nxc6
Bxc6 9. Bd3 Qc7 10. Qe2 Bc5 11. e5 Nd5 12. Nxd5 Bxd5 13. O-O-O a5 14. Bb5 O-O
15. f3 a4 16. Bxa4 Rxa4 17. bxa4 Bc6 18. Bd4 Bxa4 19. Bxc5 Qxc5 20. Qe4 Qa3+ 21.
Kb1 Rc8 22. Rd2 Bb5 23. Rhd1 Bc4 24. c3 Bxa2+ 25. Rxa2 Qb3+ 26. Ka1 Qxd1+ 27.
Kb2 Qd2+ 28. Qc2 Qe3 29. Ra7 Qxe5 30. h3 b5 31. Rb7 g6 32. Qd3 Rc5 0-1

[Event "Aeroflot Open A"]
[Site "Moscow RUS"]
[Date "2011.02.08"]
[Round "1"]
[White "Cheparinov, Ivan"]
[Black "Papin, Vasily"]
[Result "1-0"]
[WhiteTitle "GM"]
[BlackTitle "IM"]
[WhiteElo "2665"]
[BlackElo "2568"]
[WhiteFideId "2905540"]
[BlackFideId "4143183"]
[EventDate "2011.02.08"]

1. d4 d5 2. c4 c6 3. Nf3 Nf6 4. Nc3 dxc4 5. a4 e6 6. e4 Bb4 7. Bxc4 Nxe4 8. O-O
Nf6 9. Qe2 O-O 10. Rd1 Nbd7 11. Rd3 b5 12. axb5 Nb6 13. Bb3 cxb5 14. Ne5 Bb7 15.
Rg3 Re8 16. Bg5 Kf8 17. Nxb5 a6 18. Nc3 h6 19. Bxf6 Qxf6 20. Na4 1-0

[Event "Aeroflot Open A"]
[Site "Moscow RUS"]
[Date "2011.02.08"]
[Round "1"]
[White "Zhigalko, Andrey"]
[Black "Le, Quang Liem"]
[Result "0-1"]
[WhiteTitle "GM"]
[BlackTitle "GM"]
[WhiteElo "2566"]
[BlackElo "2664"]
[WhiteFideId "13502247"]
[BlackFideId "12401137"]
[EventDate "2011.02.08"]

1. c4 Nf6 2. Nc3 c5 3. Nf3 d5 4. cxd5 Nxd5 5. g3 Nc6 6. Nxd5 Qxd5 7. Bg2 e5 8.
O-O Be7 9. d3 O-O 10. Be3 Qe6 11. Rc1 Nd4 12. a3 Bd7 13. Nxd4 exd4 14. Bd2 Rac8
15. e3 dxe3 16. Bxe3 Bc6 17. Bxc6 Rxc6 18. Qa4 a6 19. Qe4 Qd7 20. Rfd1 Re8 21.
Qf3 Rd8 22. h4 h6 23. Rd2 Rf6 24. Qg2 Rf5 25. Qh3 b6 26. d4 Qe6 27. dxc5 Rxd2
28. Bxd2 Bxc5 29. Be1 Bd4 30. Qf1 Bxb2 31. Rb1 Bxa3 32. Qxa6 Bc5 33. Qd3 Qf6 34.
Rc1 Rf3 35. Qe4 Rxg3+ 36. Kf1 Rf3 0-1

[Event "Aeroflot Open A"]
[Site "Moscow RUS"]
[Date "2011.02.08"]
[Round "1"]
[White "Kurnosov, Igor"]
[Black "Kotsur, Pavel"]
[Result "1/2-1/2"]
[WhiteTitle "GM"]
[BlackTitle "GM"]
[WhiteElo "2662"]
[BlackElo "2559"]
[WhiteFideId "4142527"]
[BlackFideId "13700278"]
[EventDate "2011.02.08"]

1. e4 e6 2. d4 d5 3. Nc3 Nf6 4. e5 Nfd7 5. f4 c5 6. Nf3 Nc6 7. Be3 Be7 8. Qd2
O-O 9. dxc5 Bxc5 10. O-O-O Qa5 11. Bxc5 Nxc5 12. h4 Rb8 13. Qe3 Bd7 14. h5 Rfc8
15. h6 g6 16. Kb1 Nb4 17. a3 Nxc2 18. Kxc2 b5 19. Rd4 Ne4 20. Kb3 b4 21. Rxb4
Nxc3 22. bxc3 Qa4+ 23. Kb2 a5 24. Rxb8 Rxb8+ 25. Kc1 Qxa3+ 26. Kd1 Qa1+ 27. Ke2
Rb2+ 28. Nd2 Qc1 29. f5 Ba4 30. fxe6 fxe6 31. Kf3 Rxd2 32. Qc5 Qd1+ 33. Kf4 Qc2
34. Qc8+ Kf7 35. Qb7+ Kf8 36. Qb8+ Kf7 37. Qb7+ Kf8 38. Qb8+ Kf7 39. Qb7+ 1/2-1/2

[Event "Aeroflot Open A"]
[Site "Moscow RUS"]
[Date "2011.02.08"]
[Round "1"]
[White "Shomoev, Anton"]
[Black "Grachev, Boris"]
[Result "1/2-1/2"]
[WhiteTitle "GM"]
[BlackTitle "GM"]
[WhiteElo "2557"]
[BlackElo "2660"]
[WhiteFideId "4135148"]
[BlackFideId "4129199"]
[EventDate "2011.02.08"]

1. e4 c5 2. Nf3 e6 3. d4 cxd4 4. Nxd4 Nc6 5. Nc3 Qc7 6. Be3 Nf6 7. f4 Bb4 8. Nb5
Qa5 9. e5 Nd5 10. Bd2 Nxc3 11. Bxc3 O-O 12. Qd2 f6 13. exf6 Rxf6 14. g3 d5 15.
Bxb4 Nxb4 16. Nd4 Qc5 17. c3 Nc6 18. O-O-O Bd7 19. h4 a5 20. Bh3 a4 21. Rhe1 Re8
22. Nc2 Rf7 23. Bg2 Rfe7 24. Re3 Kh8 25. Rde1 Rc8 26. Kb1 Be8 27. Bh3 Bg6 28.
Rxe6 Rxe6 29. Bxe6 Rf8 30. f5 Bxf5 31. Bxf5 Rxf5 32. Nd4 Rf8 33. Ne6 Qf2 34.
Qxf2 Rxf2 35. Nf4 h5 36. Nxd5 Rg2 37. Re4 Rg1+ 38. Kc2 Rg2+ 39. Kb1 1/2-1/2

[Event "Aeroflot Open A"]
[Site "Moscow RUS"]
[Date "2011.02.08"]
[Round "1"]
[White "Mamedov, Rauf"]
[Black "Vorobiov, Evgeny E."]
[Result "1-0"]
[WhiteTitle "GM"]
[BlackTitle "GM"]
[WhiteElo "2660"]
[BlackElo "2556"]
[WhiteFideId "13401653"]
[BlackFideId "4121341"]
[EventDate "2011.02.08"]

1. e4 c5 2. Nf3 d6 3. d4 cxd4 4. Nxd4 Nf6 5. Nc3 e6 6. g3 Nc6 7. Bg2 Bd7 8. O-O
Be7 9. Nb3 a6 10. a4 O-O 11. a5 b6 12. axb6 Qxb6 13. Be3 Qc7 14. f4 Nb4 15. g4
Nxg4 16. Qxg4 Nxc2 17. Qe2 Nxa1 18. Rxa1 Rab8 19. Nd4 Rb4 20. Rxa6 Rfb8 21. Ra2
d5 22. exd5 Bc5 23. Nc6 Rxb2 24. Rxb2 Rxb2 25. Qxb2 Bxe3+ 26. Kh1 Bxf4 27. Qa3
Bxc6 28. dxc6 Bxh2 29. Nb5 Qb8 30. Qc5 g6 31. Bf3 Bf4 32. c7 Bxc7 33. Nxc7 Qb2
34. Nb5 h5 35. Nd6 Qb8 36. Kg2 Qd8 37. Ne4 f5 38. Nd6 Qf6 39. Kh3 Kh7 40. Qc7+
Kh6 41. Nf7+ Kg7 42. Ne5+ Kh6 43. Be2 g5 44. Bxh5 Qf8 45. Be2 Qa3+ 46. Kg2 g4
47. Nd3 Qa8+ 48. Kf2 Kg6 49. Qe7 Qe4 50. Qd6 Kg5 51. Nc5 1-0

[Event "Aeroflot Open A"]
[Site "Moscow RUS"]
[Date "2011.02.08"]
[Round "1"]
[White "Jumabayev, Rinat"]
[Black "Zvjaginsev, Vadim"]
[Result "1/2-1/2"]
[WhiteTitle "GM"]
[BlackTitle "GM"]
[WhiteElo "2555"]
[BlackElo "2660"]
[WhiteFideId "13702661"]
[BlackFideId "4113403"]
[EventDate "2011.02.08"]

1. Nf3 Nf6 2. c4 e6 3. d4 d5 4. g3 Be7 5. Bg2 O-O 6. O-O c5 7. cxd5 exd5 8. Nc3
Be6 9. dxc5 Bxc5 10. Na4 Be7 11. Be3 Nc6 12. Rc1 Qd7 13. Bc5 Rfe8 14. Nd4 Bg4
15. Re1 Rac8 16. Bxe7 Qxe7 17. Nxc6 Rxc6 18. Rxc6 bxc6 19. Qd4 h5 20. e3 Nd7 21.
h3 Bf5 22. Qxa7 Qf6 23. Rd1 Ne5 24. Rd4 Be4 25. Nc3 Bxg2 26. Rf4 Qe6 27. Kxg2
Nd3 28. Ra4 Ne1+ 29. Kf1 Nd3 30. Kg2 Ne1+ 31. Kf1 Nd3 32. Kg2 1/2-1/2

[Event "Aeroflot Open A"]
[Site "Moscow RUS"]
[Date "2011.02.08"]
[Round "1"]
[White "Zhou, Jianchao"]
[Black "Oleksienko, Mikhailo"]
[Result "1-0"]
[WhiteTitle "GM"]
[BlackTitle "GM"]
[WhiteElo "2655"]
[BlackElo "2552"]
[WhiteFideId "8603537"]
[BlackFideId "4152417"]
[EventDate "2011.02.08"]

1. d4 d5 2. c4 c6 3. Nc3 Nf6 4. e3 g6 5. Nf3 Bg7 6. Be2 O-O 7. O-O e6 8. b3 a6
9. Ba3 Re8 10. Ne5 Nbd7 11. f4 Qa5 12. Qc1 c5 13. Rb1 Qc7 14. Nxd7 Nxd7 15. dxc5
dxc4 16. Ne4 b6 17. cxb6 Nxb6 18. bxc4 Na4 19. Bd6 Qa7 20. Be5 Bxe5 21. fxe5 Kg7
22. c5 Re7 23. Bd1 1-0

[Event "Aeroflot Open A"]
[Site "Moscow RUS"]
[Date "2011.02.08"]
[Round "1"]
[White "Nechepurenko, Roman V."]
[Black "Khismatullin, Denis"]
[Result "0-1"]
[WhiteTitle "FM"]
[BlackTitle "GM"]
[WhiteElo "2546"]
[BlackElo "2649"]
[WhiteFideId "4151119"]
[BlackFideId "4142578"]
[EventDate "2011.02.08"]

1. d4 d5 2. c4 e6 3. Nc3 c6 4. Nf3 Nf6 5. g3 dxc4 6. Bg2 b5 7. Ne5 Qb6 8. O-O
Bb7 9. e4 Nbd7 10. Be3 Rd8 11. Qe2 c5 12. Nxd7 Nxd7 13. Rfd1 Be7 14. a4 b4 15.
dxc5 Bxc5 16. a5 Qa6 17. Bxc5 Nxc5 18. Rxd8+ Kxd8 19. Na4 Nb3 20. Rd1+ Kc8 21.
Qg4 Qxa5 22. Qxg7 Re8 23. Qxf7 Qxa4 24. Bf1 c3 25. bxc3 bxc3 26. Rd3 Kb8 27. Rd7
Bc8 28. Rc7 Rf8 29. Qxf8 Kxc7 30. Qg7+ Kb6 31. Qxc3 Bb7 0-1

[Event "Aeroflot Open A"]
[Site "Moscow RUS"]
[Date "2011.02.08"]
[Round "1"]
[White "Hammer, Jon Ludvig"]
[Black "Sethuraman, S.P."]
[Result "1/2-1/2"]
[WhiteTitle "GM"]
[BlackTitle "IM"]
[WhiteElo "2647"]
[BlackElo "2545"]
[WhiteFideId "1503707"]
[BlackFideId "5021596"]
[EventDate "2011.02.08"]

1. d4 Nf6 2. c4 e6 3. Nc3 Bb4 4. e3 O-O 5. Bd3 d5 6. Nf3 c5 7. O-O cxd4 8. exd4
dxc4 9. Bxc4 b6 10. Bg5 Bb7 11. Rc1 Nbd7 12. Qe2 Qb8 13. Rfe1 Bxc3 14. bxc3 Ne4
15. Be7 Re8 16. Ba3 Qf4 17. Bb5 Rad8 18. Qe3 Qxe3 19. Rxe3 a6 20. Bd3 Nef6 21.
c4 e5 22. Nxe5 Nxe5 23. dxe5 Ng4 24. Rh3 h6 25. f4 Rd4 26. Rf1 Red8 27. Bd6 Nf6
28. Rb1 Be4 29. Rb3 Bxd3 30. Rhxd3 Rxd3 31. Rxd3 Ne4 32. Rd4 Nxd6 33. exd6 Kf8
34. Kf2 Ke8 35. Re4+ Kf8 36. Rd4 Ke8 37. c5 bxc5 38. Rd5 c4 39. Ke3 Kd7 40. Kd4
Rc8 41. Kc3 Rc6 42. Rd4 Rxd6 43. Kxc4 Rxd4+ 44. Kxd4 Kd6 45. g4 f6 46. h4 g6 47.
a4 a5 48. Kc4 Kc6 49. g5 fxg5 50. hxg5 h5 51. f5 Kd6 52. fxg6 Ke7 53. Kd5 Kf8
54. Ke4 Kg7 55. Kf5 h4 56. Kg4 Kxg6 57. Kxh4 Kg7 58. Kg4 Kg6 59. Kf4 Kg7 60. Kf5
Kf7 61. g6+ Kg7 62. Kg5 Kg8 63. Kf6 Kf8 64. Ke6 Kg7 65. Kf5 Kg8 66. Ke5 Kg7 67.
Kd5 Kxg6 68. Kc5 Kf6 69. Kb5 Ke7 70. Kxa5 Kd7 71. Kb6 Kc8 72. a5 Kb8 73. a6 Ka8
74. a7 1/2-1/2